Central Library OPAC University of Rajshahi

An anthology of Australian verse / (Record no. 76724)

MARC details
000 -LEADER
fixed length control field 00851nam a22002652a 4500
001 - CONTROL NUMBER
control field 76724
003 - CONTROL NUMBER IDENTIFIER
rucl marc code BD-RjUL
005 - DATE AND TIME OF LATEST TRANSACTION
control field 20211209082858.0
008 - FIXED-LENGTH DATA ELEMENTS--GENERAL INFORMATION
fixed length control field 200114r19581952at 001 0 eng d
035 ## - SYSTEM CONTROL NUMBER
System control number OCLC ocm04603507 from D950131M
System control number (BD-RjUL)76948
040 ## - CATALOGING SOURCE
Original cataloging agency OKD
Transcribing agency OKD
Modifying agency OCL
-- KUK
-- EQO
-- BD-RjUL
Language of cataloging eng
041 ## - LANGUAGE CODE
Language code of text/sound track or separate title eng
082 ## - DEWEY DECIMAL CLASSIFICATION NUMBER
Edition number 23
Classification number 821.08
Author mark and year MAA 1958
092 ## - LOCALLY ASSIGNED DEWEY CALL NUMBER (OCLC)
Classification number D0502173145
100 1# - MAIN ENTRY--PERSONAL NAME
Personal name Mackaness, George,
Dates associated with a name 1882-1968.
9 (RLIN) 237550
245 13 - TITLE STATEMENT
Title An anthology of Australian verse /
Statement of responsibility, etc. chosen by George Machaness
250 ## - EDITION STATEMENT
Edition statement 2nd ed. rev
260 ## - PUBLICATION, DISTRIBUTION, ETC. (IMPRINT)
Place of publication, distribution, etc. Sydney ;
-- London :
Name of publisher, distributor, etc. Angus and Robertson,
Date of publication, distribution, etc. 1952, [reprinted 1958]
300 ## - PHYSICAL DESCRIPTION
Pagination ix, 406 p. ;
Size 22 cm
500 ## - GENERAL NOTE
General note "First published as Poets of Australia, 1946."
General note Includes index and list of authors
650 ## - SUBJECT ADDED ENTRY--TOPICAL TERM
Topical term or geographic name as entry element Australian poetry
9 (RLIN) 237551
942 ## - ADDED ENTRY ELEMENTS (KOHA)
Source of classification or shelving scheme Dewey Decimal Classification
Koha item type Books
Holdings
Lost status Source of classification or shelving scheme Damaged status Not for loan Collection code Permanent Location Current Location Shelving location Date acquired Source of acquisition Total Checkouts Full call number Date last seen Copy number Koha item type
  Dewey Decimal Classification   Not For Loan Non-fiction Central Library, University of Rajshahi Central Library, University of Rajshahi Reading Room 12/03/1959 Colombo Plan   821.08 MAA 1958 14/01/2020 C-1 Books